Musical Instruments in the Answer - Statistics

General Stats
  • This quiz has been taken 21,078 times
    17,432 since last reset
  • The average score is 12 of 20
Answer Stats
Clue Answer % Correct
Billy Joel song {Piano} Man
97%
Video game that preceded "Rock Band" {Guitar} Hero
89%
Body part Ear {Drum}
85%
Sarcastic show of sympathy World's Smallest {Violin}
83%
Mozart opera The Magic {Flute}
80%
Musical about a Jewish family {Fiddle}r on the Roof
79%
Game fish Largemouth {Bass}
77%
Certain waterfowl {Trumpet}er Swan
63%
Morbid slang for motorcyclist {Organ} Donor
62%
One of the Marx brothers {Harp}o
61%
Bob Dylan song Mr. {Tambourine} Man
58%
Song from "The Music Man" Seventy-six {Trombone}s
56%
Black box Flight {Recorder}
55%
Cuban dance {Conga} Line
53%
Song from the movie "Deliverance" Dueling {Banjo}s
53%
Cone-shaped corn chip snack {Bugle}s
47%
North Carolina area Research {Triangle}
45%
Legend of Zelda game {Ocarina} of Time
36%
Deputy sheriff of Mayberry Barney {Fife}
31%
Televised talent contest The {Gong} Show
28%
No matching quizzes found
Score Distribution
Percent of People with Each Score
Percentile by Number Answered
Your Score History
You have not taken this quiz since the last reset